El Escultor mataronés Damián Campeny y Estrany / por Jaime Castellví Toda...
Descripción Física:
31 p., 1 f., 8 f. de làm. ; 28 cm
Otros Autores:
Comisión Pro Centenario Campeny
MARC
| LEADER | 00000nam a2200000Ia 4500 | ||
|---|---|---|---|
| 001 | 10097 | ||
| 008 | 160829s1955 xx 000 0 cat d | ||
| 080 | |a FU-25-16 | ||
| 100 | |a Castellví Toda, Jaime |9 31877 | ||
| 245 | |a El Escultor mataronés Damián Campeny y Estrany / por Jaime Castellví Toda... | ||
| 260 | |a Mataró : |b Comisión Pro Centenario Campeny, |c 1955 | ||
| 300 | |a 31 p., 1 f., 8 f. de làm. ; |c 28 cm | ||
| 650 | |a Campeny Estrany, Damià |x Biografia |9 31878 | ||
| 650 | |a Escultors |x Catalunya |x Biografia |9 31879 | ||
| 700 | |a Comisión Pro Centenario Campeny |9 31880 | ||
| 856 | 4 | |u https://media.diba.cat/diba/fitxers/arxiu/fulletons/bib_10097_1955_baixa.pdf |y Accés lliure | |
| 856 | 4 | |u https://media.diba.cat/diba/fitxers/arxiu/fulletons/bib_10097_1955_baixa.pdf |y Accés lliure | |
| 901 | |a Arxiu | ||
| 942 | |n 1 |2 udc | ||
| 952 | |0 0 |1 0 |4 0 |6 FU2516 |7 1 |9 45789 |a Arxiu |b Arxiu |d 2016-12-01 |l 0 |o FU-25-16 |p 10097 |r 2016-12-01 00:00:00 |w 2016-12-01 |y ARXIU | ||
| 999 | |c 49289 |d 49289 | ||
| 900 | |a bib_10097_1955_baixa.pdf | ||